Songs from the First Line(s) - Christmas Edition - Statistics

General Stats
  • This quiz has been taken 35 times
  • The average score is 19 of 30
Answer Stats
Hint Answer % Correct
You better watch out / You better not cry / Better not pout / I'm telling you why Santa Claus Is Coming To Town
97%
Silent night / Holy night / All is calm / All is bright / Round yon virgin mother and child Silent Night
97%
Have a holly jolly Christmas / It's the best time of the year / I don't know if there'll be snow / But have a cup of cheer A Holly Jolly Christmas
90%
It's beginning to look a lot like Christmas / Everywhere you go / Take a look in the Five & Ten It's Beginning To Look A Lot Like Christmas
90%
Jingle bells, jingle bells / Jingle all the way / Oh what fun it is to ride / In a one horse open sleigh Jingle Bells
87%
Oh, the weather outside is frightful / But the fire is so delightful / And since we've no place to go "Let It Snow! Let It Snow! Let It Snow!"
87%
I don't want a lot for Christmas / There is just one thing I need / I don't care about the presents / Underneath the Christmas tree All I Want For Christmas Is You
84%
Feliz navidad / Feliz navidad / Feliz navidad, prospero año y felicidad Feliz Navidad
84%
Jingle bell, jingle bell, jingle bell rock / Jingle bells swing and jingle bells ring / Snowin' and blowin' up bushels of fun Jingle Bell Rock
84%
You know Dasher and Dancer / And Prancer and Vixen / Comet and Cupid / And Donner and Blitzen / But do you recall / The most famous reindeer of all? Rudolph, the Red-Nosed Reindeer
84%
I'm dreaming of a white Christmas / Just like the ones I used to know / Where the treetops glisten / And children listen White Christmas
84%
Deck the halls with boughs of holly / Fa-la-la-la-la, la-la-la-la / Tis the season to be jolly / Fa-la-la-la-la, la-la-la-la Deck The Halls
81%
Happy Christmas / Last Christmas / I gave you my heart / But the very next day you gave it away / This year Last Christmas
81%
Rockin' around the Christmas tree / At the Christmas party hop / Mistletoe hung where you can see / Every couple tries to stop Rockin' Around The Christmas Tree
81%
Have yourself a merry little Christmas / Let your heart be light / From now on our troubles / Will be out of sight Have Yourself A Merry Little Christmas
74%
I'll be home for Christmas; / You can plan on me. / Please have snow and mis-tle-toe / And presents on the tree. I'll Be Home For Christmas
74%
Santa Baby, just slip a sable under the tree, / For me. / Been an awful good girl, Santa baby, / So hurry down the chimney tonight. Santa Baby
74%
(I really can't stay) But, baby, it's cold outside / (I've got to go away) But, baby, it's cold outside / (This evening has been) Been hoping that you'd drop in Baby It's Cold Outside
71%
I'll have a blue Christmas without you / I'll be so blue just thinking about you / Decorations of red on our green Christmas tree Blue Christmas
71%
It's the most wonderful time of the year / With the kids jingle belling / And everyone telling you "be of good cheer" It's The Most Wonderful Time Of The Year
71%
Chestnuts roasting on an open fire / Jack Frost nipping at your nose / Yuletide carols being sung by a choir The Christmas Song
61%
Santa, tell me if you're really there / Don't make me fall in love again if he won't be here / Next year Santa Tell Me
48%
I'm driving home for Christmas / Oh, I can't wait to see those faces / I'm driving home for Christmas / Yeah / Well, I'm moving down that line Driving Home For Christmas
42%
It was Christmas Eve, babe / In the drunk tank / An old man said to me / "Won't see another one" / And then he sang a song Fairytale Of New York
29%
Snow is falling / All around me / Children playing / Having fun / It's the season / Love and understanding Merry Christmas Everyone
29%
Hang all the mistletoe / I'm gonna get to know you better / This Christmas / And as we trim the tree / How much fun it's gonna be together This Christmas
29%
You're here where you should be / Snow is falling as the carolers sing / It just wasn't the same / Alone on Christmas day Underneath The Tree
23%
It was December 24th on Hollis Ave after dark / When I seen a man chilling with his dog in the park / I approached him very slowly with my heart full of fear Christmas In Hollis
16%
Bells will be ringing this sad sad news / Oh what a Christmas to have the blues / My baby's gone I have no friends / To wish me greetings once again Please Come Home For Christmas
16%
I've been running all my life / I've been trying to get it right / Sentimentally, the thing I do well / But it's Christmas time again Maybe This Christmas
3%
No matching quizzes found
Score Distribution
Percent of People with Each Score
Percentile by Number Answered
Your Score History
You have not taken this quiz